[Event "Match of the Millennials U14"]
[Site "Saint Louis"]
[Date "2017.07.26"]
[Round "1.1"]
[White "Praggnanandhaa, Ramesh Babu"]
[Black "Liang, Awonder"]
[Result "1/2-1/2"]
[BlackElo "2536"]
[WhiteElo "2479"]
[LiveChessVersion "1.4.8"]

1. e4 {[%clk 1:30:33]} c5 {[%clk 1:30:54]} 2. Nf3 {[%clk 1:30:59]} d6
{[%clk 1:31:15]} 3. d4 {[%clk 1:31:25]} cxd4 {[%clk 1:31:38]} 4. Nxd4
{[%clk 1:31:50]} Nf6 {[%clk 1:32:01]} 5. Nc3 {[%clk 1:32:16]} a6 {[%clk 1:32:24]}
6. h4 {[%clk 1:32:38]} Nc6 {[%clk 1:29:45]} 7. h5 {[%clk 1:32:13]} h6
{[%clk 1:21:19]} 8. Be3 {[%clk 1:26:49]} Ng4 {[%clk 1:19:28]} 9. Nxc6
{[%clk 1:25:05]} bxc6 {[%clk 1:19:57]} 10. Bd2 {[%clk 1:25:04]} Rb8
{[%clk 1:10:39]} 11. Bc4 {[%clk 1:18:06]} Nf6 {[%clk 1:07:22]} 12. Qf3
{[%clk 1:06:39]} Bg4 {[%clk 0:59:38]} 13. Qe3 {[%clk 0:59:35]} e6
{[%clk 0:40:41]} 14. Bb3 {[%clk 0:51:20]} Qb6 {[%clk 0:33:22]} 15. Qxb6
{[%clk 0:40:37]} Rxb6 {[%clk 0:33:47]} 16. f3 {[%clk 0:40:55]} Bxh5
{[%clk 0:34:11]} 17. O-O-O {[%clk 0:41:12]} Bg6 {[%clk 0:32:17]} 18. Ba4
{[%clk 0:37:16]} Kd7 {[%clk 0:23:07]} 19. e5 {[%clk 0:28:10]} Ne8
{[%clk 0:22:49]} 20. exd6 {[%clk 0:26:40]} Bxd6 {[%clk 0:19:25]} 21. Be3
{[%clk 0:21:09]} Rb8 {[%clk 0:19:48]} 22. Rd4 {[%clk 0:20:08]} Rc8
{[%clk 0:12:46]} 23. Rhd1 {[%clk 0:16:53]} Ke7 {[%clk 0:12:56]} 24. Ne4
{[%clk 0:15:57]} Bxe4 {[%clk 0:07:42]} 25. fxe4 {[%clk 0:16:04]} Be5
{[%clk 0:03:50]} 26. Rd7+ {[%clk 0:15:03]} Kf6 {[%clk 0:04:18]} 27. Rf1+
{[%clk 0:10:47]} Kg6 {[%clk 0:04:42]} 28. Rfxf7 {[%clk 0:09:24]} Nd6
{[%clk 0:03:37]} 29. Rfe7 {[%clk 0:07:57]} Rhe8 {[%clk 0:03:26]} 30. Bb3
{[%clk 0:05:34]} Nxe4 {[%clk 0:01:43]} 31. Bxe6 {[%clk 0:04:14]} Rxe7
{[%clk 0:01:40]} 32. Rxe7 {[%clk 0:04:37]} Rc7 {[%clk 0:02:08]} 33. Rxc7
{[%clk 0:03:46]} Bxc7 {[%clk 0:02:37]} 34. Bc8 {[%clk 0:04:09]} a5
{[%clk 0:01:56]} 35. Bb7 {[%clk 0:04:29]} Kf5 {[%clk 0:02:18]} 36. Bxc6
{[%clk 0:04:10]} h5 {[%clk 0:02:44]} 37. c4 {[%clk 0:02:25]} Nf6 {[%clk 0:00:59]}
38. Kd2 {[%clk 0:00:40]} g5 {[%clk 0:01:25]} 39. Ke2 {[%clk 0:00:44]} h4
{[%clk 0:01:40]} 40. a3 {[%clk 0:00:58]} g4 {[%clk 0:01:26]} 41. b4
{[%clk 0:00:46]} axb4 {[%clk 0:01:51]} 42. axb4 {[%clk 0:01:14]} h3
{[%clk 0:02:10]} 43. gxh3 {[%clk 0:01:26]} gxh3 {[%clk 0:02:37]} 44. Kf3
{[%clk 0:00:54]} h2 {[%clk 0:02:33]} 45. Kg2 {[%clk 0:01:17]} Ng4
{[%clk 0:02:10]} 46. Bd4 {[%clk 0:00:43]} Ne5 {[%clk 0:02:25]} 47. Bd5
{[%clk 0:00:40]} Nd3 {[%clk 0:02:42]} 48. b5 {[%clk 0:00:44]} Nf4+
{[%clk 0:03:00]} 49. Kh1 {[%clk 0:00:56]} Nxd5 {[%clk 0:03:23]} 50. cxd5
{[%clk 0:01:20]} Ke4 {[%clk 0:03:43]} 51. Ba7 {[%clk 0:01:18]} Kxd5
{[%clk 0:04:03]} 52. b6 {[%clk 0:01:44]} Kc6 {[%clk 0:04:30]} 53. bxc7
{[%clk 0:02:09]} Kxc7 {[%clk 0:04:56]} 54. Bb8+ {[%clk 0:02:35]} Kxb8
{[%clk 0:05:21]} 55. Kxh2 {[%clk 0:03:02]} 1/2-1/2

[Event "Match of the Millennials U14"]
[Site "Saint Louis"]
[Date "2017.07.26"]
[Round "1.2"]
[White "Hong, Andrew"]
[Black "Abdusattorov, Nodirbek"]
[Result "0-1"]
[BlackElo "2467"]
[WhiteElo "2334"]
[LiveChessVersion "1.4.8"]

1. e4 {[%clk 1:30:56]} e5 {[%clk 1:30:32]} 2. Nf3 {[%clk 1:31:21]} Nc6
{[%clk 1:30:55]} 3. Bb5 {[%clk 1:31:45]} a6 {[%clk 1:31:19]} 4. Ba4
{[%clk 1:32:11]} Nge7 {[%clk 1:31:44]} 5. c3 {[%clk 1:30:36]} g6 {[%clk 1:32:03]}
6. d4 {[%clk 1:28:26]} exd4 {[%clk 1:32:14]} 7. cxd4 {[%clk 1:28:47]} b5
{[%clk 1:32:35]} 8. Bc2 {[%clk 1:28:59]} d5 {[%clk 1:32:23]} 9. exd5
{[%clk 1:24:25]} Nxd5 {[%clk 1:32:47]} 10. O-O {[%clk 1:24:37]} Be6
{[%clk 1:33:01]} 11. Re1 {[%clk 1:19:55]} Bg7 {[%clk 1:33:09]} 12. Nc3
{[%clk 1:18:25]} O-O {[%clk 1:32:47]} 13. Bg5 {[%clk 1:17:27]} Nxc3
{[%clk 1:30:52]} 14. bxc3 {[%clk 1:17:07]} Qd7 {[%clk 1:31:01]} 15. Bb3
{[%clk 1:09:12]} Bf5 {[%clk 1:25:05]} 16. Qd2 {[%clk 1:06:48]} a5
{[%clk 1:06:53]} 17. d5 {[%clk 0:53:52]} Na7 {[%clk 0:58:34]} 18. Re7
{[%clk 0:40:31]} Qd6 {[%clk 0:58:30]} 19. Nd4 {[%clk 0:37:03]} Bd7
{[%clk 0:52:46]} 20. Rae1 {[%clk 0:25:21]} Nc8 {[%clk 0:52:18]} 21. R7e2
{[%clk 0:17:30]} a4 {[%clk 0:51:29]} 22. Bc2 {[%clk 0:12:51]} Qc5
{[%clk 0:51:15]} 23. Bh6 {[%clk 0:08:14]} Ra6 {[%clk 0:50:14]} 24. Re4
{[%clk 0:05:47]} Nd6 {[%clk 0:41:07]} 25. Bxg7 {[%clk 0:04:50]} Kxg7
{[%clk 0:37:13]} 26. Rh4 {[%clk 0:04:05]} Nf5 {[%clk 0:30:30]} 27. Bxf5
{[%clk 0:04:09]} gxf5 {[%clk 0:30:53]} 28. Ne6+ {[%clk 0:01:11]} fxe6
{[%clk 0:31:17]} 29. dxe6 {[%clk 0:01:25]} Bxe6 {[%clk 0:29:09]} 30. Qh6+
{[%clk 0:00:51]} Kf7 {[%clk 0:29:39]} 31. Qxh7+ {[%clk 0:00:56]} Ke8
{[%clk 0:30:08]} 32. Qg6+ {[%clk 0:00:40]} Kd8 {[%clk 0:29:55]} 33. Rxe6
{[%clk 0:00:47]} Qxc3 {[%clk 0:26:30]} 34. h3 {[%clk 0:00:35]} Qe1+
{[%clk 0:26:59]} 35. Rxe1 {[%clk 0:01:00]} Rxg6 {[%clk 0:27:21]} 36. Re5
{[%clk 0:00:50]} Rb6 {[%clk 0:26:06]} 37. a3 {[%clk 0:00:36]} f4 {[%clk 0:24:49]}
38. Re4 {[%clk 0:00:36]} Rf5 {[%clk 0:23:50]} 39. Rh7 {[%clk 0:00:33]} Rc6
{[%clk 0:21:43]} 40. Rd4+ {[%clk 0:00:35]} Kc8 {[%clk 0:22:02]} 41. Rd3
{[%clk 0:00:40]} Rfc5 {[%clk 0:19:29]} 42. Kf1 {[%clk 0:01:01]} Rc1+
{[%clk 0:18:41]} 43. Ke2 {[%clk 0:01:30]} R6c2+ {[%clk 0:18:46]} 44. Kf3
{[%clk 0:00:50]} Rc3 {[%clk 0:18:43]} 45. Rhd7 {[%clk 0:00:36]} c5
{[%clk 0:14:59]} 46. Kxf4 {[%clk 0:00:35]} Rxd3 {[%clk 0:14:39]} 47. Rxd3
{[%clk 0:01:04]} b4 {[%clk 0:15:02]} 48. axb4 {[%clk 0:00:33]} cxb4
{[%clk 0:15:23]} 49. Rd4 {[%clk 0:00:48]} Rb1 {[%clk 0:15:43]} 50. Rd5
{[%clk 0:00:47]} a3 {[%clk 0:13:39]} 51. Ra5 {[%clk 0:00:44]} Rb2
{[%clk 0:13:56]} 52. h4 {[%clk 0:00:33]} a2 {[%clk 0:14:11]} 53. h5
{[%clk 0:01:01]} b3 {[%clk 0:14:25]} 54. h6 {[%clk 0:01:12]} Rxf2+
{[%clk 0:14:40]} 55. Kg3 {[%clk 0:01:37]} Rf7 {[%clk 0:14:56]} 56. Ra8+
{[%clk 0:00:33]} Kb7 {[%clk 0:15:14]} 57. Ra3 {[%clk 0:00:42]} b2
{[%clk 0:15:36]} 58. Rb3+ {[%clk 0:01:00]} Kc6 {[%clk 0:15:48]} 59. Rxb2
{[%clk 0:01:17]} a1=Q {[%clk 0:16:10]} 60. Rc2+ {[%clk 0:01:37]} Kd5
{[%clk 0:16:28]} 61. Rd2+ {[%clk 0:01:57]} Ke4 {[%clk 0:16:41]} 62. Re2+
{[%clk 0:02:24]} Kd3 {[%clk 0:17:04]} 63. Re6 {[%clk 0:02:38]} Qd4
{[%clk 0:17:16]} 64. Rg6 {[%clk 0:02:30]} Qf4+ {[%clk 0:17:18]} 65. Kh3
{[%clk 0:02:59]} Qf5+ {[%clk 0:17:40]} 66. Rg4 {[%clk 0:03:28]} Rh7
{[%clk 0:17:58]} 67. Kg3 {[%clk 0:03:53]} Rxh6 {[%clk 0:18:23]} 68. Rd4+
{[%clk 0:04:18]} Kc3 {[%clk 0:17:50]} 69. Rc4+ {[%clk 0:04:43]} Kd2
{[%clk 0:17:06]} 70. Rd4+ {[%clk 0:05:00]} Qd3+ {[%clk 0:17:29]} 71. Rxd3+
{[%clk 0:05:23]} Kxd3 {[%clk 0:17:58]} 72. Kf4 {[%clk 0:04:56]} Rf6+
{[%clk 0:18:23]} 73. Kg5 {[%clk 0:04:57]} Rf2 {[%clk 0:18:51]} 74. g4
{[%clk 0:05:17]} Ke4 {[%clk 0:19:17]} 75. Kh6 {[%clk 0:05:06]} Kf4
{[%clk 0:19:34]} 76. g5 {[%clk 0:05:30]} Kf5 {[%clk 0:19:53]} 77. g6
{[%clk 0:05:52]} Kf6 {[%clk 0:20:18]} 78. Kh5 {[%clk 0:06:09]} Rg2
{[%clk 0:20:41]} 0-1

[Event "Match of the Millennials U14"]
[Site "Saint Louis"]
[Date "2017.07.26"]
[Round "1.3"]
[White "Assaubayeva, Bibisara"]
[Black "Yip, Carissa"]
[Result "1-0"]
[BlackElo "2261"]
[WhiteElo "2386"]
[LiveChessVersion "1.4.8"]

1. d4 {[%clk 1:30:52]} d5 {[%clk 1:30:51]} 2. c4 {[%clk 1:31:11]} e6
{[%clk 1:31:17]} 3. Nc3 {[%clk 1:31:24]} Bb4 {[%clk 1:31:23]} 4. a3
{[%clk 1:31:27]} Bxc3+ {[%clk 1:31:36]} 5. bxc3 {[%clk 1:31:45]} Nf6
{[%clk 1:31:49]} 6. e3 {[%clk 1:32:04]} O-O {[%clk 1:31:36]} 7. cxd5
{[%clk 1:31:42]} exd5 {[%clk 1:31:56]} 8. Bd3 {[%clk 1:32:07]} c5
{[%clk 1:30:24]} 9. Ne2 {[%clk 1:32:25]} Nc6 {[%clk 1:25:30]} 10. O-O
{[%clk 1:31:35]} Bg4 {[%clk 1:22:29]} 11. f3 {[%clk 1:29:57]} Bd7
{[%clk 1:21:27]} 12. e4 cxd4 {[%clk 1:16:01]} 13. cxd4 {[%clk 1:25:21]} dxe4
{[%clk 1:13:56]} 14. fxe4 {[%clk 1:22:58]} Bg4 {[%clk 1:13:59]} 15. d5
{[%clk 1:10:43]} Nd4 16. Rf4 {[%clk 0:54:04]} Re8 {[%clk 0:53:02]} 17. Rxg4
{[%clk 0:41:42]} Nxg4 {[%clk 0:52:53]} 18. Nxd4 {[%clk 0:42:10]} Qh4
{[%clk 0:43:53]} 19. Nf3 {[%clk 0:36:46]} Qf2+ {[%clk 0:44:02]} 20. Kh1
{[%clk 0:37:15]} Qb6 {[%clk 0:35:35]} 21. Ra2 {[%clk 0:37:39]} Nf2+
{[%clk 0:35:19]} 22. Rxf2 {[%clk 0:38:07]} Qxf2 {[%clk 0:35:45]} 23. d6
{[%clk 0:33:43]} Qa2 {[%clk 0:16:53]} 24. Qd2 {[%clk 0:26:27]} Qa1
{[%clk 0:13:03]} 25. Qb2 {[%clk 0:21:22]} Qxb2 26. Bxb2 {[%clk 0:21:51]} Rad8
{[%clk 0:10:24]} 27. e5 {[%clk 0:22:01]} a6 {[%clk 0:08:26]} 28. Bc4
{[%clk 0:18:34]} h6 {[%clk 0:05:56]} 29. Kg1 {[%clk 0:14:31]} g5 {[%clk 0:01:01]}
30. Nd2 {[%clk 0:13:50]} Kf8 {[%clk 0:00:43]} 31. Ne4 {[%clk 0:11:19]} Rb8
{[%clk 0:00:39]} 32. Nc5 {[%clk 0:06:48]} Red8 {[%clk 0:00:39]} 33. Bd5
{[%clk 0:05:49]} Rbc8 {[%clk 0:00:52]} 34. Bd4 {[%clk 0:04:43]} b6
{[%clk 0:00:43]} 35. Nxa6 {[%clk 0:04:15]} Rc1+ {[%clk 0:00:40]} 36. Kf2
{[%clk 0:04:45]} Rb1 {[%clk 0:00:40]} 37. Nb4 {[%clk 0:04:44]} Rb8
{[%clk 0:00:44]} 38. Ke2 {[%clk 0:01:53]} Ke8 {[%clk 0:00:43]} 39. Bc6+
{[%clk 0:01:51]} Kf8 {[%clk 0:00:53]} 40. Kd2 {[%clk 0:01:32]} Rb3
{[%clk 0:01:02]} 41. Na6 {[%clk 0:00:48]} Rd8 {[%clk 0:01:08]} 42. a4
{[%clk 0:00:43]} f6 {[%clk 0:00:43]} 43. Kc2 {[%clk 0:00:34]} fxe5
{[%clk 0:01:12]} 44. Bc3 {[%clk 0:00:34]} Rxc3+ {[%clk 0:01:06]} 45. Kxc3
{[%clk 0:01:03]} Rxd6 {[%clk 0:01:35]} 46. Nb4 {[%clk 0:00:41]} Rd4
{[%clk 0:01:01]} 47. Nd5 {[%clk 0:00:47]} Kg7 {[%clk 0:01:06]} 48. Ne3
{[%clk 0:00:41]} Kf6 {[%clk 0:01:27]} 49. Bb5 {[%clk 0:00:38]} Rd8
{[%clk 0:00:48]} 50. Bc4 {[%clk 0:00:41]} Rd6 {[%clk 0:00:46]} 51. Nd5+
{[%clk 0:00:41]} Kf5 {[%clk 0:01:03]} 52. Kd3 {[%clk 0:01:04]} h5
{[%clk 0:01:16]} 53. Ke3 {[%clk 0:01:22]} g4 {[%clk 0:00:48]} 54. g3
{[%clk 0:01:51]} e4 {[%clk 0:00:39]} 55. Kd4 {[%clk 0:01:54]} Rd8
{[%clk 0:00:56]} 56. Bb3 {[%clk 0:02:01]} e3 {[%clk 0:00:40]} 57. Kxe3
{[%clk 0:02:21]} Re8+ {[%clk 0:00:38]} 58. Kf2 {[%clk 0:02:35]} Rb8
{[%clk 0:00:46]} 59. Bc4 {[%clk 0:02:33]} Ke4 {[%clk 0:01:00]} 60. Ne3
{[%clk 0:01:50]} Kd4 {[%clk 0:01:09]} 61. Bb5 {[%clk 0:01:43]} Rf8+
{[%clk 0:00:58]} 62. Ke2 {[%clk 0:02:12]} Rf6 {[%clk 0:01:00]} 63. Ng2
{[%clk 0:01:27]} Re6+ {[%clk 0:00:45]} 64. Kf2 {[%clk 0:01:20]} Re5
{[%clk 0:00:41]} 65. Nf4 {[%clk 0:01:25]} Kc3 {[%clk 0:00:41]} 66. h3
{[%clk 0:00:59]} gxh3 {[%clk 0:00:38]} 67. Nxh3 {[%clk 0:01:28]} Kd2
{[%clk 0:00:41]} 68. Ng1 {[%clk 0:01:40]} Kc3 {[%clk 0:00:50]} 69. Ne2+
{[%clk 0:01:44]} Kd2 {[%clk 0:01:04]} 70. Nf4 {[%clk 0:01:38]} Kc3
{[%clk 0:00:38]} 71. Kg2 {[%clk 0:01:16]} Rg5 {[%clk 0:00:43]} 72. Kf3
{[%clk 0:00:41]} Kb4 {[%clk 0:00:46]} 73. Nd3+ {[%clk 0:00:37]} Kb3
{[%clk 0:00:47]} 74. Nf2 {[%clk 0:00:35]} Rg8 {[%clk 0:00:44]} 75. Kg2
{[%clk 0:00:36]} Rf8 {[%clk 0:00:38]} 76. Nd3 {[%clk 0:00:58]} Rg8
{[%clk 0:00:56]} 77. Kh3 {[%clk 0:01:24]} Rg4 {[%clk 0:00:51]} 78. Nf2
{[%clk 0:01:23]} Rd4 {[%clk 0:00:42]} 79. Nd3 {[%clk 0:01:52]} Rg4
{[%clk 0:00:51]} 80. Ne5 {[%clk 0:02:05]} Rg5 {[%clk 0:01:11]} 81. Nd7
{[%clk 0:01:33]} Rg6 {[%clk 0:01:36]} 82. Kh4 {[%clk 0:01:01]} Rg4+
{[%clk 0:01:59]} 83. Kh3 {[%clk 0:01:30]} Rg6 {[%clk 0:02:24]} 84. Nf8
{[%clk 0:01:03]} Rg8 {[%clk 0:02:30]} 85. Nh7 {[%clk 0:01:03]} Rg6
{[%clk 0:02:51]} 86. Be8 {[%clk 0:00:50]} Rh6 {[%clk 0:01:30]} 87. Ng5
{[%clk 0:01:12]} Rh8 {[%clk 0:01:54]} 88. Bb5 {[%clk 0:01:16]} Kb4
{[%clk 0:02:08]} 89. Kh4 {[%clk 0:01:33]} Kb3 {[%clk 0:02:15]} 90. Ne4
{[%clk 0:01:29]} Rh6 {[%clk 0:00:59]} 91. Kg5 {[%clk 0:01:49]} Re6
{[%clk 0:01:01]} 92. Nf6 {[%clk 0:01:39]} Re5+ {[%clk 0:01:05]} 93. Kh4
{[%clk 0:02:02]} Kc3 {[%clk 0:01:07]} 94. Nxh5 {[%clk 0:02:20]} Kd4
{[%clk 0:01:08]} 95. g4 {[%clk 0:02:20]} Re4 {[%clk 0:00:54]} 96. Nf6
{[%clk 0:02:25]} Re6 {[%clk 0:00:40]} 97. g5 {[%clk 0:02:45]} Ke5
{[%clk 0:00:56]} 98. Kh5 {[%clk 0:02:44]} Kf4 {[%clk 0:00:43]} 99. Nd5+
{[%clk 0:02:14]} Ke5 {[%clk 0:01:06]} 100. g6 {[%clk 0:01:28]} Rd6
{[%clk 0:00:58]} 101. g7 {[%clk 0:01:42]} Rd8 {[%clk 0:01:24]} 102. Ne7
{[%clk 0:02:05]} 1-0

[Event "Match of the Millennials U14"]
[Site "Saint Louis"]
[Date "2017.07.26"]
[Round "1.4"]
[White "Samadashvili, Martha"]
[Black "Salimova, Nurgyul"]
[Result "1-0"]
[BlackElo "2332"]
[WhiteElo "2018"]
[LiveChessVersion "1.4.8"]

1. e4 {[%clk 1:30:56]} c5 {[%clk 1:30:52]} 2. Nf3 {[%clk 1:31:10]} Nc6
{[%clk 1:31:16]} 3. d4 {[%clk 1:31:28]} cxd4 {[%clk 1:31:39]} 4. Nxd4
{[%clk 1:31:53]} g6 {[%clk 1:32:02]} 5. c4 {[%clk 1:32:01]} Bg7 {[%clk 1:32:05]}
6. Be3 {[%clk 1:32:11]} Nf6 {[%clk 1:32:20]} 7. Nc3 {[%clk 1:32:27]} Ng4
{[%clk 1:32:11]} 8. Qxg4 {[%clk 1:32:37]} Nxd4 {[%clk 1:32:33]} 9. Qd1
{[%clk 1:32:46]} Ne6 {[%clk 1:32:51]} 10. Rc1 {[%clk 1:32:52]} b6
{[%clk 1:30:52]} 11. Be2 {[%clk 1:30:05]} Bb7 {[%clk 1:30:15]} 12. f3
{[%clk 1:28:55]} O-O {[%clk 1:25:30]} 13. O-O {[%clk 1:27:24]} f5
{[%clk 1:17:54]} 14. exf5 {[%clk 1:21:20]} gxf5 {[%clk 1:07:42]} 15. Qd2
{[%clk 1:13:23]} f4 {[%clk 0:53:34]} 16. Bf2 {[%clk 1:13:28]} Qe8
{[%clk 0:51:38]} 17. Rfd1 {[%clk 1:02:54]} d6 {[%clk 0:48:36]} 18. Nd5
{[%clk 0:56:29]} Qf7 {[%clk 0:46:04]} 19. c5 {[%clk 0:35:22]} dxc5
{[%clk 0:33:01]} 20. Bc4 {[%clk 0:34:01]} b5 {[%clk 0:10:26]} 21. Bxb5
{[%clk 0:28:52]} Rad8 {[%clk 0:02:57]} 22. Bc4 {[%clk 0:25:41]} Bxd5
{[%clk 0:02:28]} 23. Bxd5 {[%clk 0:25:59]} Bd4 {[%clk 0:02:44]} 24. Bxe6
{[%clk 0:24:25]} Qxe6 {[%clk 0:02:42]} 25. Bxd4 {[%clk 0:23:41]} cxd4
{[%clk 0:01:55]} 26. Re1 {[%clk 0:21:03]} Qd6 {[%clk 0:01:36]} 27. Qd3
{[%clk 0:18:48]} e5 {[%clk 0:01:12]} 28. Qc4+ {[%clk 0:15:59]} Rf7
{[%clk 0:01:19]} 29. Qc5 {[%clk 0:12:28]} Re7 {[%clk 0:01:22]} 30. Qxd6
{[%clk 0:08:07]} Rxd6 {[%clk 0:01:50]} 31. Re4 {[%clk 0:05:17]} Kf7
{[%clk 0:00:41]} 32. Kf2 {[%clk 0:04:52]} Rb6 {[%clk 0:00:58]} 33. b3
{[%clk 0:02:23]} Rh6 {[%clk 0:01:09]} 34. h3 {[%clk 0:02:29]} Ra6
{[%clk 0:01:27]} 35. Rc2 {[%clk 0:01:14]} Kf6 {[%clk 0:01:50]} 36. Ke2
{[%clk 0:01:20]} Ke6 {[%clk 0:01:07]} 37. Kd3 {[%clk 0:01:42]} Kd5
{[%clk 0:01:07]} 38. Rc4 {[%clk 0:01:03]} Ree6 {[%clk 0:00:51]} 39. Re2
{[%clk 0:01:03]} Rec6 {[%clk 0:00:50]} 40. a4 {[%clk 0:00:45]} Rab6
{[%clk 0:00:50]} 41. Rb2 {[%clk 0:00:36]} Rxb3+ {[%clk 0:00:33]} 42. Rxb3
{[%clk 0:00:51]} Rxc4 {[%clk 0:00:57]} 43. Rb5+ {[%clk 0:01:14]} Rc5
{[%clk 0:01:21]} 44. Rb7 {[%clk 0:01:33]} Ra5 {[%clk 0:00:50]} 45. Rd7+
{[%clk 0:01:53]} Kc5 {[%clk 0:00:34]} 46. Rxh7 {[%clk 0:01:17]} Rxa4
{[%clk 0:00:49]} 47. Ke4 {[%clk 0:00:58]} Ra2 {[%clk 0:00:44]} 48. Kxe5
{[%clk 0:00:51]} a5 {[%clk 0:00:33]} 49. Kxf4 {[%clk 0:00:37]} Rxg2
{[%clk 0:00:42]} 50. Rc7+ {[%clk 0:00:44]} Kd5 {[%clk 0:00:41]} 51. h4
{[%clk 0:00:49]} a4 {[%clk 0:00:37]} 52. Ra7 {[%clk 0:00:38]} Ra2
{[%clk 0:00:33]} 53. h5 {[%clk 0:01:05]} 1-0

[Event "Match of the Millennials U14"]
[Site "Saint Louis"]
[Date "2017.07.27"]
[Round "2.1"]
[White "Praggnanandhaa, Ramesh Babu"]
[Black "Hong, Andrew"]
[Result "1/2-1/2"]
[BlackElo "2334"]
[WhiteElo "2479"]
[LiveChessVersion "1.4.8"]

1. Nf3 {[%clk 1:30:37]} d5 {[%clk 1:30:53]} 2. g3 {[%clk 1:31:02]} c5
{[%clk 1:30:50]} 3. Bg2 {[%clk 1:31:26]} Nc6 {[%clk 1:31:13]} 4. d4
{[%clk 1:31:50]} Nf6 {[%clk 1:31:35]} 5. O-O {[%clk 1:32:10]} cxd4
{[%clk 1:31:57]} 6. Nxd4 {[%clk 1:32:33]} e5 {[%clk 1:32:20]} 7. Nxc6
{[%clk 1:32:53]} bxc6 {[%clk 1:32:45]} 8. c4 {[%clk 1:33:12]} Be6
{[%clk 1:32:50]} 9. Nc3 {[%clk 1:26:40]} Rc8 {[%clk 1:31:53]} 10. cxd5
{[%clk 1:17:56]} cxd5 {[%clk 1:30:29]} 11. Bg5 {[%clk 1:13:56]} d4
{[%clk 1:27:04]} 12. Ne4 {[%clk 1:11:07]} Be7 {[%clk 1:18:54]} 13. Nxf6+
{[%clk 1:06:04]} Bxf6 {[%clk 1:17:44]} 14. Bxf6 {[%clk 1:06:14]} gxf6
{[%clk 1:17:33]} 15. Qd2 {[%clk 1:00:51]} O-O {[%clk 1:06:51]} 16. f4
{[%clk 0:55:33]} Qe7 {[%clk 0:57:03]} 17. Rf2 {[%clk 0:48:09]} Qc5
{[%clk 0:49:05]} 18. fxe5 {[%clk 0:44:19]} Qxe5 {[%clk 0:48:18]} 19. Rf4
{[%clk 0:38:28]} Qe3+ {[%clk 0:45:02]} 20. Qxe3 {[%clk 0:38:44]} dxe3
{[%clk 0:45:25]} 21. Be4 {[%clk 0:38:53]} Kg7 {[%clk 0:38:11]} 22. b3
{[%clk 0:33:04]} Rc5 23. Kg2 h5 {[%clk 0:24:42]} 24. h3 {[%clk 0:11:09]} Ra5
{[%clk 0:21:00]} 25. Rff1 {[%clk 0:09:29]} Rd8 {[%clk 0:16:39]} 26. Bd3
{[%clk 0:09:07]} Rc8 {[%clk 0:16:41]} 27. Rfd1 {[%clk 0:04:50]} Ra3
{[%clk 0:11:00]} 28. Kf3 {[%clk 0:01:47]} Bxh3 {[%clk 0:07:05]} 29. Kxe3
{[%clk 0:00:57]} Be6 {[%clk 0:06:51]} 30. Rh1 {[%clk 0:00:40]} Rc5
{[%clk 0:06:05]} 31. b4 {[%clk 0:00:35]} Rg5 {[%clk 0:05:49]} 32. Kf2
{[%clk 0:00:39]} Kh6 {[%clk 0:05:05]} 33. Rhc1 {[%clk 0:00:36]} Rg4
{[%clk 0:04:52]} 34. b5 {[%clk 0:00:51]} Rga4 {[%clk 0:05:03]} 35. Rc7
{[%clk 0:00:45]} Rxa2 {[%clk 0:03:44]} 36. Rxa2 {[%clk 0:01:07]} Rxa2
{[%clk 0:02:57]} 37. Rb7 {[%clk 0:00:52]} f5 {[%clk 0:02:24]} 38. Rb8
{[%clk 0:00:47]} Kg7 {[%clk 0:02:13]} 39. Ke3 {[%clk 0:00:40]} Ra4
{[%clk 0:02:21]} 40. Rd8 {[%clk 0:00:37]} Kf6 {[%clk 0:01:31]} 41. Rh8
{[%clk 0:00:42]} Kg6 {[%clk 0:01:10]} 42. Rg8+ {[%clk 0:00:44]} Kf6
{[%clk 0:01:03]} 43. Rh8 {[%clk 0:01:00]} Kg6 {[%clk 0:00:58]} 44. Rg8+
{[%clk 0:01:20]} Kf6 {[%clk 0:00:52]} 45. Rh8 {[%clk 0:01:37]} Kg6
{[%clk 0:01:01]} 46. Rg8+ {[%clk 0:01:46]} Kf6 {[%clk 0:01:10]} 47. Rh8
{[%clk 0:02:08]} Kg6 {[%clk 0:01:17]} 48. Rg8+ {[%clk 0:02:16]} 1/2-1/2